| 000 | 00801nam a2200217 a 4500 | ||
|---|---|---|---|
| 001 | 3795 | ||
| 005 | 20140414131854.0 | ||
| 008 | 061013s19uu xx 00 eng d | ||
| 020 | _a0-679-91493-5 | ||
| 050 |
_aM 808.81 _bP84 1992 |
||
| 100 | _aKatz, Bobbi | ||
| 245 |
_aPuddle wonderful : _bpoems to welcome spring / _cselected by Bobbi Katz ; illustrated by Mary Morgan. |
||
| 260 |
_aNew York : _bRandom House, _c1992. |
||
| 300 | _ap. ; cm. | ||
| 440 | _aRandom House Pictureback | ||
| 520 | _aA collection of poems about the many aspects of spring and spring holidays, by such poets as E. E. Cummings, Eve Merriam, Jack Prelutsky, Lillian Moore and Dennis Lee. | ||
| 650 |
_aSpring _xJuvenile poetry. |
||
| 650 | _aChildren's poetry. | ||
| 650 | _aPoetry collections. | ||
| 999 |
_c110346 _d110346 |
||